000 00942 a2200229 4500
999 _c9360
_d9360
020 _a0199282382 (pbk.)
020 _a9780199282388 (pbk.)
050 0 0 _aKF9201JON2001
100 1 _aJones, Stephen
245 1 0 _aCriminology /
_cStephen Jones.
250 _a3rd ed.
264 _aNew York:
_bOxford university press,
_c2001
300 _axxxv, 594 p. :
_bill. ;
500 _aincludes index
504 _aIncludes bibliographical references and indexes.
650 0 _aCriminology.
856 4 1 _3Table of contents only
_uhttp://www.loc.gov/catdir/toc/ecip0517/2005024076.html
856 4 2 _3Publisher description
_uhttp://www.loc.gov/catdir/enhancements/fy0637/2005024076-d.html
856 4 2 _3Contributor biographical information
_uhttp://www.loc.gov/catdir/enhancements/fy0724/2005024076-b.html
942 _2lcc
_cBK
_h9201
_iJON
_kKF